| 000 | 00557nam a2200181 a 4500 | ||
|---|---|---|---|
| 005 | 20210223120536.0 | ||
| 008 | 991125s1973 mx 000 0 spa u | ||
| 035 | _aUPN01000003139 | ||
| 049 | _aCG | ||
| 050 | 4 |
_aQH506 _bA5.3 |
|
| 245 | 0 | 0 |
_aAntología de biología molecular / _ced. y recapitulación Mario Castañeda. |
| 260 |
_aMéxico : _bUNAM, Dirección General de Publicaciones, _c1973. |
||
| 300 | _a250 p. | ||
| 440 | 0 |
_aLecturas universitarias ; _v18 |
|
| 650 | 4 |
_aBIOLOGIA MOLECULAR _94945 |
|
| 700 | 1 |
_aCastañeda, Mario, _ecomp. |
|
| 905 | _aLibro | ||
| 999 |
_c3139 _d3139 |
||